Fußball: Trainer von Borussia Mönchengladbach – Sudden Death - Statistiken

Allgemein
  • Dieses Quiz wurde 199 mal gespielt
  • Das Durchschnittsergebnis liegt bei 9 aus 11
Answers on the Grid
Answers color-coded by a green-red scale on the quiz's grid according to % correct below.
Hennes Weisweiler
Jupp Heynckes
Udo Lattek
Bernd Krauss
Hans Meyer
Horst Köppel
Jos Luhukay
Lucien Favre
Dieter Hecking
Marco Rose
Gerardo Seoane
Otto Rehhagel
Felix Magath
Klaus Toppmöller
Roger Schmidt
Bruno Labbadia
 
Antwortstatistiken
Antwort % Korrekt
Lucien Favre
95%
Marco Rose
89%
Gerardo Seoane
87%
Jupp Heynckes
84%
Hans Meyer
83%
Dieter Hecking
82%
Hennes Weisweiler
79%
Jos Luhukay
74%
Udo Lattek
70%
Bernd Krauss
69%
Horst Köppel
67%
Keine übereinstimmenden Quizze gefunden
Verteilung der Resultate
Anzahl Personen mit jedem Resultat
Perzentil nach korrekt beantworteten Fragen
Ihre Resultats-Entwicklung
Sie haben dieses Quiz noch nicht gespielt